1494 1802 1134 1845 1632 1885 1126 1017 1544 1282 1310 1353 1963 1953 1687 1113 1454 1812 1534 1574 1564 1883 1192 1064 1611 1224 1064 1969 1658 1086 1779 1525 1115 1823 1994 1816 1856 1247 1600 1784 1658 1131 1584 1750 1021 1587 1035 1033 1449 1801 1253 2000 1316 1156 1559 1125 1948 1941 1357 1775 1525 1179 1473 1712 1069 1363 1128 1431 1611 1360 1528 1387 1743 1007 1016 1478 1143 1102 1870 1538 1326 1262 1264 1899 1281 1044 1745 1283 1759 1587 1073 1317 1723 1833 1233 1532 1271 1013 1488 BCNSPRNW ULIB Ver.6.0+V

เปลี่ยนเป็นภาษาไทย

Change to English
 แสดงรายละเอียดบรรณานุกรม
  กลับหน้าหลัก

Brief Record : Get Marc (ISO 2709) : E-mail record : QR code < ปิดหน้าต่าง
LEADER : 00000nam 2200000uu 4500
001    13399124228
003     ULIB
008    150204s2554||||th 000 0 tha d
020    ^a9741333498
020    9789741333493
060 04 ^aWS420^bก768ก
100 0  ^aเกรียงศักดิ์ จีระแพทย์
245 10 ^aการประเมินภาวะสุขภาพทารกแรกเกิด /^cเกรียงศักดิ์ จีระแพทย์,วีณา จีระแพทย์
250    ^aพิมพ์ครั้งที่ 3 (ฉบับปรับปรุงและแก้ไขเพิ่มเติม)
260    ^aกรุงเทพฯ :^bภาควิชากุมารเวชศาสตร์คณะแพทยศาสตร์ศิริราชพยาบาล มหาวิทยาลัยมหิดล,^c2554
300    ^a221 หน้า :^bภาพประกอบ ;^c27 ซม.
650  7 ^aทารกแรกเกิด
650  7 ^aสุขภาพ^xการประเมิน
650  7 ^aการตรวจร่างกาย^xในวัยทารกและวัยเด็ก
653    ^aผลงานอาจารย์คณะแพทยศาสตร์ศิริราชพยาบาล
710 2  ^aมหาวิทยาลัยมหิดล. ^bคณะแพทยศาสตร์ศิริราชพยาบาล.^bภาควิชากุมารเวชศาสตร์
945    ^p420^l0^i22823
945    ^p420^l0^i22824
945    ^p420^l0^i22825
945    ^p420^l0^i22826
945    ^p420^l0^i22827
995    ^aทศพร
999    ^aทศพร เกษรทอง
รายการนี้ยังไม่มีแท็ก
คุณยังไม่ได้ล็อกอิน คุณสามารถมีกิจกรรมร่วมกับเว็บไซต์ได้ แต่ต้องล็อกอินก่อน ::
  ล็อกอิน

รายการสื่อสารสนเทศ

ลำดับที่ ประเภท เลขเรียก/บาร์โค้ด สถานที่ สถานะ
1. วิทยาศาสตร์การแพทย์ และสุขภาพ
วิทยาศาสตร์การแพทย์ และสุขภาพ
สถานะ=หนังสือเก่า
WS420 ก768ก ฉ.1 
  Barcode: 22823
ห้องสมุดวิทยาเขตนครสวรรค์
►ส่วนจัดเก็บหนังสือเก่า นว.
บนชั้น
  ขอยืม
2. วิทยาศาสตร์การแพทย์ และสุขภาพ
วิทยาศาสตร์การแพทย์ และสุขภาพ
สถานะ=หนังสือเก่า
WS420 ก768ก ฉ.2 
  Barcode: 22824
ห้องสมุดวิทยาเขตนครสวรรค์
►ส่วนจัดเก็บหนังสือเก่า นว.
บนชั้น
  ขอยืม
3. วิทยาศาสตร์การแพทย์ และสุขภาพ
วิทยาศาสตร์การแพทย์ และสุขภาพ
WS420 ก768ก ฉ.3 
  Barcode: 22825
ห้องสมุดวิทยาเขตนครสวรรค์
►หนังสือทั่วไป:l:General Books
บนชั้น
4. วิทยาศาสตร์การแพทย์ และสุขภาพ
วิทยาศาสตร์การแพทย์ และสุขภาพ
สถานะ=หนังสือเก่า
WS420 ก768ก ฉ.4 
  Barcode: 22826
ห้องสมุดวิทยาเขตนครสวรรค์
►ส่วนจัดเก็บหนังสือเก่า นว.
บนชั้น
  ขอยืม
5. วิทยาศาสตร์การแพทย์ และสุขภาพ
วิทยาศาสตร์การแพทย์ และสุขภาพ
สถานะ=หนังสือเก่า
WS420 ก768ก ฉ.5 
  Barcode: 22827
ห้องสมุดวิทยาเขตนครสวรรค์
►ส่วนจัดเก็บหนังสือเก่า นว.
บนชั้น
  ขอยืม

รายการใกล้เคียง
    ผู้แต่ง [เกรียงศักดิ์ จีระแพทย์]

    หัวเรื่อง [ทารกแรกเกิด]
    หัวเรื่อง [สุขภาพ การประเมิน]

BibComment


ยังไม่เคยถูกคอมเมนท์

คอมเมนท์ทรัพยากรรายการนี้
  คอมเมนท์: การประเมินภาวะสุ..


 Copyright 2026. Bcnsprnw @Library